Search the Library Catalogue
| 000 -LEADER | |
|---|---|
| fixed length control field | 00777nam a22001937a 4500 |
| 008 - FIXED-LENGTH DATA ELEMENTS--GENERAL INFORMATION | |
| fixed length control field | 260313b |||||||| |||| 00| 0 eng d |
| 020 ## - INTERNATIONAL STANDARD BOOK NUMBER | |
| ISBN | 9780521297769 |
| Paper back/Hardbound | pbk |
| 041 ## - LANGUAGE CODE | |
| Language code of text/sound track or separate title | eng |
| 082 ## - DEWEY DECIMAL CLASSIFICATION NUMBER | |
| Classification number | 121 |
| Item number | PUT |
| 100 ## - MAIN ENTRY--AUTHOR NAME | |
| Personal name | Putnam, Hilary |
| 245 ## - TITLE STATEMENT | |
| Title | Reason, Truth, and History |
| Statement of responsibility, etc | /Hilary Putnam |
| 260 ## - PUBLICATION, DISTRIBUTION, ETC. (IMPRINT) | |
| Name of publisher | Cambridge Univ Pr |
| Year of publication | 1981 |
| 300 ## - PHYSICAL DESCRIPTION | |
| Number of Pages | 236p,; |
| Dimensions | 20 cm. |
| 504 ## - BIBLIOGRAPHY, ETC. NOTE | |
| Bibliography, etc | Includes index |
| 520 ## - SUMMARY, ETC. | |
| Summary, etc | Hilary Putnam deals in this book with some of the most fundamental persistent problems in philosophy: the nature of truth, knowledge and rationality. His aim is to break down the fixed categories of thought which have always appeared to define and constrain the permissible solutions to these problems. |
| 650 ## - SUBJECT ADDED ENTRY--TOPICAL TERM | |
| Topical Term | Epistemology |
| 942 ## - ADDED ENTRY ELEMENTS (KOHA) | |
| Koha item type | English Books |
| Withdrawn status | Lost status | Damaged status | Not for loan | Home library | Current library | Shelving location | Date acquired | Full call number | Accession Number | Price effective from | Koha item type |
|---|---|---|---|---|---|---|---|---|---|---|---|
| Anna Centenary Library | Anna Centenary Library | 3RD FLOOR, A WING | 13.03.2026 | 121 PUT | 103103 | 13.03.2026 | English Books |